| 000 | 01066cam a22002535a 4500 | ||
|---|---|---|---|
| 001 | 13690746 | ||
| 005 | 20180326114142.0 | ||
| 008 | 040818t2005 maua fr 001 0 eng d | ||
| 020 | _a0763732397 | ||
| 020 | _a9780763732394 | ||
| 040 |
_aDLC _cDLC _dDLC _dEG-ScBUE _beng |
||
| 082 | 0 | 4 |
_222 _a004 _bWAR |
| 100 | 1 |
_aWarford, J. Stanley, _d1944- |
|
| 245 | 1 | 0 |
_aComputer systems / _cJ. Stanley Warford. |
| 250 | _a3rd ed. | ||
| 260 |
_aSudbury : _bJones and Bartlett Publishers, _cc.2005. |
||
| 300 |
_a1 v. (various pagings) : _bill. ; _c24 cm. |
||
| 500 | _aincludes index. | ||
| 505 | 0 | _aComputer systems -- C++ -- Information representation -- Computer architecture -- Assembly language -- Compiling to the assembly level -- Language translation principles -- Process management -- Storage management -- Combinational circuits -- Sequential circuits -- Computer organization. | |
| 650 | 7 |
_aComputer systems. _2BUEsh _937428 |
|
| 653 |
_bCOMSCI _cMarch2018 |
||
| 856 | 4 | 1 |
_3Table of contents _uhttp://www.loc.gov/catdir/toc/ecip0422/2004019599.html |
| 942 | _2ddc | ||
| 999 |
_c26402 _d26374 |
||